Statistiques concernant Paroles - Moulaga - Heuss l'enfoiré

Cliquez ici pour prendre le quiz!

Statistiques générales

  • Ce quiz a été pris 96 fois
  • Le résultat moyen est 113 sur 218

Statistiques - réponses

Paroles% Correct
moula,
99%
moula
99%
do-
93%
moi
93%
Moulaga,
92%
moulaga,
92%
moulaga
92%
de
88%
Donnez,
88%
Donnez-
88%
donnez-
88%
donnez
88%
d'la
81%
D'la
81%
la
81%
81%
Le
75%
le
75%
En
70%
Heuss
57%
L'enfoiré,
57%
des
53%
dans
52%
que
52%
V,
52%
j'ai
51%
J'ai
51%
Ju-
51%
moulax
51%
sur
51%
Eh,
50%
on
50%
et
49%
Jul,
49%
est
47%
grosses
47%
sous
43%
dit,
42%
survêt'
42%
l'carré,
36%
un
36%
les
34%
Les
34%
ma
31%
je
30%
pas
28%
tu
28%
J'suis
27%
une
24%
game,
23%
mec
22%
putain
22%
veut
22%
j'nique
20%
méchants,
20%
passe
20%
tellement
20%
temps
20%
comme
19%
du
19%
j'la
19%
qu'elle
18%
casse
17%
c'est
16%
J'fume
16%
même
16%
piges
16%
Cinq
15%
Soulax
15%
zoula,
15%
Ganté
14%
tes-
14%
T-Max
14%
J'me
13%
au
11%
pour
11%
rallume
11%
tout
11%
rap
10%
Rolex
10%
BG
9%
caissier
9%
Caissier,
9%
encaissé,
9%
m'reconnois
9%
nique
9%
son
9%
désaoulé
8%
aristocrates
7%
boî,
7%
décollé
7%
juste
7%
monnaie
7%
rétro
7%
sont
7%
décompresser
6%
Demande
6%
gauche
6%
mieux
6%
Riina
6%
Toto
6%
avant
5%
bouteille
5%
d'AC/DC
5%
décès
5%
Guitarisé
5%
Kichta
5%
showcases,
5%
compressée
3%
encaisser
3%
j'récupère
3%
j'vais
3%
casser
2%
cola,
1%
sens
1%
tapettes,
1%

Distribution des résultats

Percentile par nombre de réponses

% des personnes avec chaque résultat

Votre développement - résultats

Vous n’avez pas pris ce quiz